Vista normal
Vista MARC
Entrada Topical Term
Número de registros utilizados en: 1
001 - CONTROL NUMBER
- control field: 10034
003 - CONTROL NUMBER IDENTIFIER
- control field: OSt
005 - DATE AND TIME OF LATEST TRANSACTION
- control field: 20230915230141.0
008 - FIXED-LENGTH DATA ELEMENTS
- fixed length control field: 230915|| aca||aabn | a|a d
040 ## - CATALOGING SOURCE
- Original cataloging agency: OSt
- Transcribing agency: OSt
150 ## - HEADING--TOPICAL TERM
- Topical term or geographic name entry element: HISTORIA INGENIERIA, SISTEMAS DE PRODUCCION, Investigación DE OPERACIONES, PRODUCTIVIDAD
670 ## - SOURCE DATA FOUND
- Source citation: Work cat.: (OSt)20835: Hicks ; Philip E., 10033, Introducción a la Ingeniería industrial y ciencia de la Administración., 1996.